=LDR 00000nam 2200000 4500 =001 INLIS000000000051902 =005 20180111011059 =035 ##$$a 0010-0118000090 =007 ta =008 180111###########################0###### =020 ##$$a 978 - 602 - 7929 - 53 - 4 =082 ##$$a 641.5 =084 ##$$a 641.5 SAM d =100 #$$a Samiyati =245 1#$$a 25 masakan tradisional tanpa daging : $b Cita rasa istimewa /$c Samiyati =260 ##$$a Surakarta :$b Visi Mandiri,$c 2014 =300 ##$$a iv,76 hlm. : $b Ilus ; $c 25 cm . =650 ##$$a Masakan =504 ##$$a Bibliografi ; hlm. 76 =990 ##$$a 04780478 =990 ##$$a 04780478 =990 ##$$a 04780478 =990 ##$$a 04780478 =990 ##$$a 04780478 =990 ##$$a 21706526 =990 ##$$a 01201800478 =990 ##$$a 01201800479 =990 ##$$a 01201800480 =990 ##$$a 01201800481 =990 ##$$a 21706527 =990 ##$$a 01201800478 =990 ##$$a 01201800479 =990 ##$$a 01201800480 =990 ##$$a 21706526 =990 ##$$a 21706528 =990 ##$$a 01201800478 =990 ##$$a 01201800479 =990 ##$$a 21706527 =990 ##$$a 21706526 =990 ##$$a 21706529 =990 ##$$a 01201800478 =990 ##$$a 21706528 =990 ##$$a 21706527 =990 ##$$a 21706526 =990 ##$$a 21706530 =990 ##$$a 21706529 =990 ##$$a 21706528 =990 ##$$a 21706527 =990 ##$$a 21706526